[Event "Bikaner op 1st"]
[Site "Bikaner"]
[Date "2022.10.02"]
[Round "2"]
[White "S, M Sharifuzzaman"]
[Black "Ram, Aravind LN"]
[Result "0-1"]
[WhiteElo "1364"]
[BlackElo "2218"]
[PlyCount "92"]
[EventDate "2022.10.01"]
[EventType "swiss"]
[EventRounds "10"]
[EventCountry "IND"]
[SourceTitle "CBM 210 Extra"]
[Source "ChessBase"]
[SourceDate "2022.11.30"]
[SourceVersion "1"]
[SourceVersionDate "2022.11.30"]
[SourceQuality "1"]

1. e4 c5 2. Nf3 e6 3. d4 cxd4 4. Nxd4 a6 5. Nc3 Qc7 6. Be2 Bb4 7. Bd2 Nf6 8. f3 Bc5 9. Be3 b5 10. 0-0 Nc6 11. Bf2 0-0 12. a3 Bb7 13. Kh1 Qb6 14. Nxc6 Bxf2 15. Ne5 Bd4 16. Nd3 Qc7 17. Nb1 d5 18. c3 dxe4 19. cxd4 exd3 20. Qxd3 Rfd8 21. Qe3 Nd5 22. Qf2 Qc2 23. Bd1 Qxf2 24. Rxf2 Ne3 25. Rd2 Rac8 26. Nc3 Nc4 27. Rf2 Nxb2 28. Ne4 Nxd1 29. Rxd1 Rxd4 30. Rfd2 Rxd2 31. Nxd2 Rd8 32. Kg1 Rd3 33. Kf2 g6 34. a4 bxa4 35. Ke2 Rc3 36. Rb1 Bd5 37. Rb6 a3 38. Rxa6 a2 39. Kd1 Rc8 40. Ra5 Kg7 41. Ra7 Kf6 42. Ra5 Ke5 43. Ra4 g5 44. Ra7 Kd4 45. g3 Kc3 46. Ra3+ Kb2 0-1